00890nam a2200217 a 4500008004100000020001500041050001400056100001000070245006800080260004700148300001400195350000900209500006300218650001200281650005200293700002500345700004600370995010900416999001700525952013000542120210s1992 ||||||||||||||||| || u a0872201368 aJC 71 Pla aPlato10aRepublicctranslated by G. M. A. Grube; revised by C.D.C. Reeve aIndianapolis, INbHackett Publishingc1992 axx, 300p. a0.00 aIt is thought that "the Republic" was written in c. 380 BC aUTOPIAS aPOLITICAL SCIENCE--ITALY--HISTORY--16TH CENTURY aReeve, C.D.C., 1948- aGrube, G.M.A. (George Maximilian Anthony) D0.00FCBU-MAIN LIBRARY (Kitwe)H1I0.00M1UAVAILABLEWApr 12, 2012ZMain Library Open Access Collection c56260d56260 00102lcc4070a001b001cMain Library Open Access Collectiond2022-11-30l0oJC 71 Plap742879r2022-11-30w2022-11-30y002